| 000 | 00404nam a22001577a 4500 | ||
|---|---|---|---|
| 001 | 3530 | ||
| 003 | FISKH | ||
| 005 | 20250411112018.0 | ||
| 008 | 240318b cb ||||| |||| 00| 0 eng d | ||
| 020 | _aNXEGNST004208093293400 | ||
| 040 |
_cFISKH _aeng _bFISKH _dFISKH |
||
| 110 |
_aAcer Laptop Model NZ20C5 _b2022/02/22 |
||
| 245 | _aAcer Laptop | ||
| 300 | _aNXEGNST004208094E73400 | ||
| 942 |
_2ddc _cLAPTOP _n0 |
||
| 999 |
_c3530 _d3530 |
||